Statistics for IATA CODES

Click here to take the quiz!

General Stats

  • This quiz has been taken 199 times
  • The average score is 23 of 96

Answer Stats

IATAAeroport% Correct
BCNBarcelona
58%
AGPMalaga
58%
ALCAlicante
54%
ORYParis
48%
ABJAbidjan
46%
BOSBoston
46%
OSLOslo
44%
MIAMiami
40%
OPOPorto
40%
MADMadrid
38%
DUSDusseldorf
30%
FORFortaleza
30%
MANManchester
30%
NCENice
30%
GIGRio de Janeiro
30%
YYZToronto
30%
ACCAcra
28%
FEZFez
28%
LISLisboa
28%
LCYLondon City
28%
EWRNewark
28%
ZAGZagreb
28%
CNFBelo Horizonte
26%
BSBBrasilia
26%
FCORoma
26%
ATHAtenas
24%
BELBelem
24%
BIOBilbao
24%
BRUBruxelas
24%
CMNCasablanca
24%
FAOFaro
24%
FNCFunchal
24%
GVAGeneva
24%
SIDSal
24%
SSASalvador
24%
IADWashington
24%
HAMHamburgo
22%
HELHelsinquia
22%
HORHorta
22%
MXPMilão
22%
NTENantes
22%
NATNatal
22%
PDLPonta Delgada
22%
PRGPraga
22%
TERTerceira
22%
WAWVarsóvia
22%
VIEViena
22%
AMSAmesterdão
20%
BUDBudapeste
20%
CCSCaracas
20%
LPALas Palmas
20%
LGWLondres Gatwick
20%
LHRLondres Heathrow
20%
LADLuanda
20%
LYSLyon
20%
MPMMaputo
20%
CDGParis - Charles de Gaulle
20%
RAIPraia
20%
RECRecife
20%
TNGTanger
20%
TLSToulouse
20%
VLCValência
20%
VGOVigo
20%
ALGArgel
18%
BVCBoa Vista
18%
BLQBolonha
18%
BODBordéus
18%
CPHCopenhaga
18%
ARNEstocolmo
18%
FLRFlorença
18%
LUXLuxemburgo
18%
DMEMoscovo
18%
MUCMunique
18%
JFKNova Iorque
18%
PIXPico
18%
PXOPorto Santo
18%
GRUSão Paulo - Guarulhos
18%
ZRHZurique
18%
OXBBissau
16%
DSSDakar
16%
RAKMarraquexe
16%
MRSMarselha
16%
OVDOviedo
16%
POAPorto Alegre
16%
VXESão Vicente
16%
SVQSevilha
16%
VCEVeneza
16%
TXLBerlim
14%
OTPBucareste
14%
CGNColonia
14%
LCGCorunha
14%
STREstugarda
14%
FRAFrankefurt
14%
ISTInstanbul
14%
LFWLomé
14%
TMSSão Tomé e Principe
14%

Score Distribution

Percentile by Number Answered

Percent of People with Each Score

Your Score History

You have not taken this quiz